Vencedores do Festival Eurovisão da Canção - Statistics

Estatísticas Gerais
  • Esse quiz foi jogado 162 vezes
  • A pontuação média é 21 de 27
Estatísticas das Respostas
Hint Resposta % Correto
6 Vitórias Suécia
99%
1 Vitória Portugal
98%
5 Vitórias França
94%
2 Vitórias Espanha
93%
3 Vitórias Noruega
93%
5 Vitórias Reino Unido
93%
7 Vitórias Irlanda
92%
2 Vitórias Itália
92%
2 Vitórias Alemanha
91%
2 Vitórias Suiça
91%
4 Vitórias Paises Baixos
90%
2 Vitórias Ucrânia
87%
3 Vitórias Israel
86%
1 Vitória Rússia
86%
1 Vitória Finlandia
85%
3 Vitórias Dinamarca
82%
2 Vitórias Áustria
80%
1 Vitória Bélgica
79%
1 Vitória Grécia
79%
5 Vitórias Luxemburgo
76%
1 Vitória Turquia
70%
1 Vitória Estónia
67%
1 Vitória Sérvia
66%
1 Vitória Letónia
64%
1 Vitória Azerbaijão
56%
1 Vitória Mónaco
38%
1 Vitória Jugoslávia
23%
Nenhum quiz correspondente encontrado
Distribuição das Pontuações
Porcentagem de Pessoas com Cada Pontuação
Percentil de Números Respondidos
Sua Pontuação Histórica
Você não jogou esse quiz